| 000 | 00949nam a22002177a 4500 | ||
|---|---|---|---|
| 999 |
_c13272 _d13272 |
||
| 003 | AR-CdUCM | ||
| 008 | 190401b ||||| |||| 00| 0 spa d | ||
| 040 |
_aMUNICIPALIDAD PROVINCIAL DEL CUSCO _cBIBLIOTECA MUNICIPAL DEL CUSCO |
||
| 082 |
_aC / 340.2 / _bF84 / |
||
| 100 |
_aFrisancho C., Julio C. _931601 |
||
| 245 | _aIntroducción a las ciencias jurídicas y políticas / | ||
| 260 |
_aCuzco : _bH.G. Rozas, _c1954. |
||
| 300 |
_a238 páginas ; _c23 cm. |
||
| 505 | _aContenido: Programa del curso de introducción a las ciencias jurídicas y políticas -- Fundamentacion filosófica del curso -- Breve resumen de la historia de la filosofía y el derecho -- Las soluciones a los problemas del conocimiento en relación al derecho... | ||
| 650 |
_aCiencias jurídicas _915945 |
||
| 650 |
_aCiencias políticas _927202 |
||
| 650 |
_aDerecho _9739 |
||
| 650 |
_aDerecho comparada _931602 |
||
| 942 |
_2ddc _cLIBROS |
||
| 945 |
_awnts _d2019-04-11 |
||